| 000 | 00348nam a2200121Ia 4500 | ||
|---|---|---|---|
| 008 | 230907s9999||||xx |||||||||||||| ||und|| | ||
| 082 |
_a891.4391 _bAMJ |
||
| 245 | 0 | _aمحبت ایسا دریا ہے , Muhabbat aisa darya hai / | |
| 260 |
_aSang-e-Meel Publications, _bLahore : _c2014 |
||
| 300 | _a144 p. | ||
| 650 | _aUrdu Literature | ||
| 942 | _cBK | ||
| 999 |
_c599772 _d599772 |
||